000 00518nam a2200217Ia 4500
003 OSt
005 20220928135426.0
006 a|||||r|||| 00| 0
007 ta
008 220927b |||||||| |||| 00| 0 eng d
024 _a2069
037 _cTextual
040 _aSDCL
_cSDCL
_beng
041 _2eng
_aeng
082 _aO-,1K47x, K8
100 _aWilmot John
_9490550
245 0 _aComplete poems
260 _c1968
942 _hO-,1K47x, K8
_cTEXL
_2CC
999 _c805880
_d805880